Girls Names that start with M - Statistics

General Stats
  • This quiz has been taken 2,127 times
  • The average score is 27 of 59
Answer Stats
Answer % Correct
Mary
92%
Maria
87%
Molly
81%
Margaret
80%
May
78%
Macy
75%
Melissa
74%
Marie
72%
Mia
71%
Madelyn
69%
Melanie
68%
Madison
66%
Michelle
66%
Megan
64%
Myra
64%
Martha
62%
Mandy
59%
Marion
58%
Maya
53%
Marlene
51%
Monica
51%
Michaela
50%
Minerva
48%
Mona
48%
Marcy
47%
Matilda
47%
Melinda
46%
Mackenzie
45%
Morgan
45%
Maxine
43%
Melody
43%
Miranda
43%
Marisa
42%
Mindy
42%
Marcia
41%
Miriam
38%
Mallory
37%
Marilyn
37%
Marina
37%
Marjorie
37%
Meredith
37%
Malina
35%
Mariah
34%
Millicent
34%
Mildred
33%
Misty
32%
Martina
30%
Muriel
29%
Mavis
26%
Magda
25%
Mercedes
25%
Malia
21%
Myrtle
21%
Marcella
19%
Mirabella
13%
Moriah
12%
Maren
11%
Madea
10%
Marlow
9%
No matching quizzes found
Score Distribution
Percent of People with Each Score
Percentile by Number Answered
Your Score History
You have not taken this quiz